Words Starting With P - Statistics

General Stats
  • This quiz has been taken 43 times
  • The average score is 57 of 110
Answer Stats
Hint Answer % Correct
a black & white bear Panda
89%
the kings son Prince
89%
the kings daughter Princess
89%
a color Pink
87%
clothes worn over legs Pants
84%
a vegetable that is green and really small and grows in pods Pea
82%
a drawing instrument thats permanent Pen
82%
an animal that a human owns Pet
82%
a color Purple
82%
a drawing instrument non permanent Pencil
79%
eaten at the movie Popcorn
79%
sky-divers use it Parachute
76%
what you put food on Plate
76%
fireman slide down this Pole
76%
metal used to fry foods Pan
74%
1 cent coin Penny
74%
a dwarf planet in the Solar system Pluto
74%
you draw, write, & print it Paper
71%
airplane; airway; aircraft Plane
71%
food made of pigs Pork
71%
a town or city with a harbor where ships load or unload Port
71%
a handbag for women Purse
71%
you can color with it Paint
68%
an Italian dish Pasta
68%
an Arctic bear Polar Bear
68%
a metal container used to boil foods Pot
68%
cucumbers put in a liquid jar Pickles
66%
something you put on the wall Picture
66%
a hoofed mammal used in ham Pig
66%
a small bag sewn into or on clothing so as to form part of it, used for carrying small articles Pocket
66%
clothes worn to bed Pajamas
63%
elephants favorite snack in cartoons Peanut
63%
apple; blueberry; cherry; rhubarb; meat Pie
63%
a celestial body moving in an elliptical orbit around a star. Planet
63%
people used to inforce the law Police
63%
a movable model of a person or animal that is used in entertainment and is typically moved either by strings controlled from above or by a hand inside it Puppet
63%
how a bird sits on a branch Perch
61%
a relative to doves Pigeon
61%
Personal identification numbers Pin
61%
a small freshwater body of water Pond
61%
a fish that blows up into a puff Pufferfish
61%
a black hole located in the center of the iris of the eye that allows light to strike the retina Pupil
61%
a large wild cat Panther
58%
a seabird with a large bill Pelican
58%
spicy vegetable Pepper
58%
human Person
58%
a spiky rodent Porcupine
58%
a dish consisting of oatmeal or another meal or cereal boiled in water or milk Porridge
58%
a large snakes that constricts pray Python
58%
a bucket used to carry water Pail
55%
something you put on the wall but you painted it Painting
55%
a relative to the parakeet Parrot
55%
small green leaves put on food Parsley
55%
a musical instrument Piano
55%
tree; flower; ferns; bushes Plant
55%
engage in activity for enjoyment Play
55%
a large windproof jacket with a hood, designed to be worn in cold weather Parka
53%
poor people in the medieval times Peasant
53%
who lives in a ________ under the sea? Pineapple
53%
starch vegetable Potato
53%
a famous spice Paprika
50%
sidewalk Pavement
50%
a tree where pinecones grow Pinetree
50%
popular fast food item Pizza
50%
the colorless fluid part of blood, lymph, or milk, in which corpuscles or fat globules are suspended. Plasma
50%
small piece of bent wire or plastic used to keep paper together Paperclip
47%
a type of cheese Parmesan
47%
a green fruit Pear
47%
a horse Pony
47%
a short pole with a broad blade at one or both ends, used without an oarlock to move a small boat or canoe through the water Paddle
45%
hollow cylinder or tube used to conduct a liquid, gas, or finely divided solid. Pipe
45%
pincers with parallel, flat, and typically serrated surfaces, used chiefly for gripping small objects or bending wire: Pliers
45%
an object that is used to project rays of light, especially an apparatus with a system of lenses for projecting slides or film onto a screen. Projector
45%
food eaten on halloween Pumpkin
45%
crayon-like but for artists Pastel
42%
the meat in a burger Patty
42%
a black and white bird Penguin
42%
a purple fruit Plum
42%
like ice cream and eaten on a hot day Popsicle
42%
when you gain money from goods and services Profit
42%
a game, toy, or problem designed to test ingenuity or knowledge. Puzzle
42%
an object or group of objects wrapped in paper or plastic, or packed in a box Package
39%
a fruit first domesticated in Mesoamerica Papaya
39%
glue or an adhesive liquid Paste
39%
a wild fish that lives in the Amazon river Piranha
39%
breakfeast dish Pancake
37%
an image created by light falling on a photosensitive surface Photograph
34%
a device for jumping off the ground in a standing position, through the aid of a spring, or new high performance technologies, often used as a toy, exercise equipment or extreme sports instrument. Pogo
34%
a mechanical device for propelling a boat or aircraft, consisting of a revolving shaft with two or more broad, angled blades attached to it. Propellor
34%
a type of tree Palm
32%
a fruit first domesticated in China Peach
32%
a structure that extends land over water Pier
32%
a monotreme mammal Platypus
29%
food made of shrimps Prawn
29%
where you give money in exchange for goods & services Pay
26%
a large printed picture used for decoration Poster
26%
a large open area of grassland, especially in the Mississippi River valley Prairie
26%
an Indian bird Peacock
24%
a paper or cardboard container, typically one in which goods are packed to be sold Packet
21%
a type of flower Petunia
21%
a particular position or point in space Place
21%
a small seabird that lives in the North Atlantic Puffin
21%
something you really want to do Passion
18%
baked food Pastry
18%
meat on a sandwhich Pepperoni
13%
a short cylindrical piece of wood, metal, or plastic, typically tapered at one end, that is used for holding things together, hanging things on, or marking a position Pegs
11%
take hold of and remove Pick
5%
something put on ice cream Pistachio
3%
meal that uses snails Paella
0%
a town or city with a harbor where ships load or unload Pretzel
0%
No matching quizzes found
Score Distribution
Percent of People with Each Score
Percentile by Number Answered
Your Score History
You have not taken this quiz